[Event "Olympiad-37"]
[Site "Turin"]
[Date "2006.05.30"]
[Round "9"]
[White "Theerapappisit, Wisuwat"]
[Black "Zambrana, Oswaldo"]
[Result "0-1"]
[WhiteElo "2260"]
[BlackElo "2425"]
[PlyCount "60"]
[EventDate "2006.05.21"]
[EventType "team-swiss"]
[EventRounds "13"]
[EventCountry "ITA"]
[SourceTitle "CBM 113"]
[Source "ChessBase"]
[SourceDate "2006.07.31"]
[SourceVersion "1"]
[SourceVersionDate "2006.07.31"]
[SourceQuality "1"]
[WhiteTeam "Thailand"]
[BlackTeam "Bolivia"]
[WhiteTeamCountry "THA"]
[BlackTeamCountry "BOL"]

1. e4 c5 2. Nf3 d6 3. d4 cxd4 4. Nxd4 Nf6 5. Nc3 a6 6. f3 e5 7. Nb3 Be6 8. Be3 Be7 9. Qd2 0-0 10. 0-0-0 Qc7 11. g4 Rc8 12. g5 Nh5 13. h4 Ng3 14. Rh2 Nxf1 15. Rxf1 a5 16. a4 Qc4 17. Rd1 b5 18. Nd5 Bd8 19. Kb1 bxa4 20. Nc1 Na6 21. h5 Rab8 22. Qd3 Bxd5 23. exd5 Qb4 24. c4 Qxc4 25. g6 Qxd3+ 26. Nxd3 a3 27. Bc1 Nc5 28. Nf2 Na4 29. Ne4 f5 30. Nxd6 Nc3+ 0-1

[Event "Olympiad-37"]
[Site "Turin"]
[Date "2006.05.24"]
[Round "4"]
[White "Theerapappisit, Wisuwat"]
[Black "Kuderinov, Kirill"]
[Result "1/2-1/2"]
[WhiteElo "2260"]
[BlackElo "2442"]
[PlyCount "85"]
[EventDate "2006.05.21"]
[EventType "team-swiss"]
[EventRounds "13"]
[EventCountry "ITA"]
[SourceTitle "CBM 113"]
[Source "ChessBase"]
[SourceDate "2006.07.31"]
[SourceVersion "1"]
[SourceVersionDate "2006.07.31"]
[SourceQuality "1"]
[WhiteTeam "Thailand"]
[BlackTeam "Kazakhstan"]
[WhiteTeamCountry "THA"]
[BlackTeamCountry "KAZ"]

1. e4 c5 2. Nf3 Nc6 3. d4 cxd4 4. Nxd4 e5 5. Nb5 d6 6. N1c3 a6 7. Na3 Be6 8. Nc4 Nf6 9. Bg5 Rc8 10. Ne3 Be7 11. Bxf6 Bxf6 12. Ncd5 Bg5 13. c3 0-0 14. Be2 Ne7 15. Nxe7+ Qxe7 16. Nd5 Qd8 17. Qb3 Qa5 18. Rd1 Rc5 19. Qxb7 Bxd5 20. Rxd5 Qxa2 21. Rxd6 Rcc8 22. 0-0 a5 23. Rb6 Rcd8 24. Qc7 Rd2 25. Bc4 Qa4 26. Bd5 Bd8 27. Qc6 Qxc6 28. Rxc6 Rxb2 29. c4 Rb6 30. Rxb6 Bxb6 31. Rb1 Rb8 32. c5 Ba7 33. Rxb8+ Bxb8 34. Kf1 Kf8 35. Ke2 Ke7 36. Kd3 f6 37. Kc4 Kd7 38. Kb5 Ba7 39. f3 Kc7 40. h4 a4 41. c6 a3 42. h5 Bd4 43. Bg8 1/2-1/2

[Event "Olympiad-36"]
[Site "Mallorca"]
[Date "2004.10.27"]
[Round "12"]
[White "Zoltek, Tadeusz"]
[Black "Theerapappisit, Wisuwat"]
[Result "1-0"]
[WhiteElo "2313"]
[BlackElo "2277"]
[PlyCount "33"]
[EventDate "2004.10.15"]
[EventType "team-swiss"]
[EventRounds "14"]
[EventCountry "ESP"]
[SourceTitle "CBM 104"]
[Source "ChessBase"]
[SourceDate "2005.01.27"]
[SourceVersion "1"]
[SourceVersionDate "2005.01.27"]
[SourceQuality "1"]
[WhiteTeam "IBCA"]
[BlackTeam "Thailand"]
[BlackTeamCountry "THA"]

1. c4 Nf6 2. Nc3 e5 3. Nf3 Nc6 4. g3 d5 5. cxd5 Nxd5 6. Bg2 Be6 7. 0-0 f6 8. d4 exd4 9. Nxd4 Nxd4 10. Qxd4 Nxc3 11. Qxc3 c6 12. Be3 Qc7 13. Rfc1 Bd6 14. Bxa7 Be5 15. Bd4 Bxd4 16. Qxd4 Bxa2 17. Bd5 1-0

[Event "Olympiad-36"]
[Site "Mallorca"]
[Date "2004.10.22"]
[Round "7"]
[White "Sirias Martinez, Danilo"]
[Black "Theerapappisit, Wisuwat"]
[Result "1-0"]
[WhiteElo "2285"]
[BlackElo "2277"]
[PlyCount "121"]
[EventDate "2004.10.15"]
[EventType "team-swiss"]
[EventRounds "14"]
[EventCountry "ESP"]
[SourceTitle "CBM 104"]
[Source "ChessBase"]
[SourceDate "2005.01.27"]
[SourceVersion "1"]
[SourceVersionDate "2005.01.27"]
[SourceQuality "1"]
[WhiteTeam "Nicaragua"]
[BlackTeam "Thailand"]
[WhiteTeamCountry "NCA"]
[BlackTeamCountry "THA"]

1. e4 c5 2. Nc3 e6 3. Nge2 d5 4. exd5 exd5 5. d4 Be6 6. g3 Nc6 7. Bg2 cxd4 8. Nxd4 Bb4 9. 0-0 Nxd4 10. Qxd4 Bxc3 11. Qxc3 Nf6 12. Bg5 Rc8 13. Bxf6 Qxf6 14. Qxf6 gxf6 15. c3 Ke7 16. Rfd1 Rhd8 17. Rd4 b5 18. Rad1 Rc4 19. Bf1 Rxd4 20. Rxd4 Rb8 21. Bd3 h6 22. a3 a6 23. Kg2 Kd6 24. Kf3 Ke5 25. Ke3 Rh8 26. Bc2 Bh3 27. Bb3 Be6 28. f4+ Kd6 29. f5 Bc8 30. Rxd5+ Kc7 31. Rd4 Bxf5 32. Bxf7 Rf8 33. Kf4 Bd7 34. Bg6 Rg8 35. Bf5 Bc6 36. Rd3 a5 37. Re3 Rd8 38. Re7+ Kb6 39. Re6 Kc7 40. Ke3 Rd1 41. Rxf6 Rf1 42. Ke2 Rg1 43. Ke3 Rf1 44. Rf7+ Kb6 45. Bg6 Re1+ 46. Kd2 Rh1 47. Rf2 a4 48. Ke3 Bd5 49. Kd4 Rd1+ 50. Ke5 Kc5 51. Kf6 Kc4 52. Kg7 Re1 53. Kxh6 Kb3 54. g4 Bc4 55. g5 Re7 56. Bf5 Rf7 57. g6 Rxf5 58. Rxf5 Kxb2 59. g7 Kxa3 60. Rxb5 Ka2 61. Rb4 1-0

[Event "ASEAN IM 3rd"]
[Site "Bangkok"]
[Date "2004.06.23"]
[Round "3"]
[White "Myo, Naing"]
[Black "Theerapappisit, Wisuwat"]
[Result "1/2-1/2"]
[WhiteElo "2425"]
[BlackElo "2271"]
[PlyCount "48"]
[EventDate "2004.06.22"]
[EventType "tourn"]
[EventRounds "10"]
[EventCountry "THA"]
[EventCategory "4"]
[SourceTitle "CBM 101 Extra"]
[Source "ChessBase"]
[SourceDate "2004.09.01"]
[SourceVersion "2"]
[SourceVersionDate "2004.09.01"]
[SourceQuality "1"]

1. d4 Nf6 2. c4 e6 3. Nc3 Bb4 4. Qc2 0-0 5. a3 Bxc3+ 6. Qxc3 b6 7. Bg5 Bb7 8. f3 d5 9. e3 Nbd7 10. cxd5 exd5 11. Bd3 Re8 12. Ne2 h6 13. Bh4 c5 14. 0-0 Qe7 15. Bf2 a5 16. b4 axb4 17. axb4 c4 18. Bc2 b5 19. Qb2 Bc6 20. Nc3 Nb6 21. Ra5 Na4 22. Bxa4 bxa4 23. Ra1 Rxa5 24. bxa5 Qa7 1/2-1/2

[Event "ASEAN IM 3rd"]
[Site "Bangkok"]
[Date "2004.06.22"]
[Round "2"]
[White "Theerapappisit, Wisuwat"]
[Black "Nay, Oo Kyaw Tun"]
[Result "1/2-1/2"]
[WhiteElo "2271"]
[BlackElo "2431"]
[PlyCount "26"]
[EventDate "2004.06.22"]
[EventType "tourn"]
[EventRounds "10"]
[EventCountry "THA"]
[EventCategory "4"]
[SourceTitle "CBM 101 Extra"]
[Source "ChessBase"]
[SourceDate "2004.09.01"]
[SourceVersion "2"]
[SourceVersionDate "2004.09.01"]
[SourceQuality "1"]

1. e4 c6 2. d4 d5 3. Nc3 dxe4 4. Nxe4 Nd7 5. Ng5 Ngf6 6. Bd3 e6 7. N1f3 Bd6 8. Qe2 h6 9. Ne4 Nxe4 10. Qxe4 Nf6 11. Qe2 Qc7 12. Bd2 b6 13. 0-0-0 Bb7 1/2-1/2

[Event "Olympiad-35"]
[Site "Bled"]
[Date "2002.11.10"]
[Round "14.2"]
[White "Thomas, Nicholas"]
[Black "Theerapappisit, Wisuwat"]
[Result "1/2-1/2"]
[WhiteElo "2236"]
[BlackElo "2188"]
[PlyCount "105"]
[EventDate "2002.10.26"]
[EventType "team-swiss"]
[EventRounds "14"]
[EventCountry "SLO"]
[SourceTitle "EXT 2003"]
[Source "ChessBase"]
[SourceDate "2002.11.25"]
[SourceVersion "1"]
[SourceVersionDate "2002.11.25"]
[SourceQuality "1"]
[WhiteTeam "Cyprus"]
[BlackTeam "Thailand"]
[WhiteTeamCountry "CYP"]
[BlackTeamCountry "THA"]

1. e4 c5 2. Nc3 d6 3. f4 Nc6 4. Nf3 e6 5. Bb5 a6 6. Bxc6+ bxc6 7. d3 a5 8. Na4 d5 9. c4 Nf6 10. Qe2 Be7 11. b3 0-0 12. Ba3 Nd7 13. 0-0 Re8 14. Rac1 Bb7 15. Qf2 d4 16. Ne5 Nb6 17. Nxc5 Qd6 18. Nxb7 Qxa3 19. c5 Reb8 20. Nxc6 Rxb7 21. Nxe7+ Rxe7 22. cxb6 Qd6 23. Rc4 Rd8 24. Rfc1 Qxb6 25. Rxd4 Rxd4 26. Rc8+ Qd8 27. Rxd8+ Rxd8 28. Qc5 Red7 29. Qxa5 Rxd3 30. h4 h6 31. Qb6 Rc8 32. e5 Rc2 33. a4 Rb2 34. b4 Rdd2 35. Qb8+ Kh7 36. Qb7 Rd4 37. Qxf7 Rdxb4 38. h5 Ra2 39. Qg6+ Kh8 40. Qxe6 Ra1+ 41. Kh2 Rxf4 42. Qd7 Rh4+ 43. Kg3 Rhxa4 44. e6 R4a3+ 45. Kf2 R1a2+ 46. Kf1 Ra1+ 47. Kf2 R1a2+ 48. Kg1 Ra1+ 49. Kh2 Re1 50. Qe8+ Kh7 51. Qg6+ Kh8 52. Qe8+ Kh7 53. Qg6+ 1/2-1/2

[Event "Olympiad-35"]
[Site "Bled"]
[Date "2002.10.30"]
[Round "5.2"]
[White "Theerapappisit, Wisuwat"]
[Black "Li Ying, Patrick"]
[Result "1-0"]
[WhiteElo "2188"]
[BlackElo "2071"]
[PlyCount "73"]
[EventDate "2002.10.26"]
[EventType "team-swiss"]
[EventRounds "14"]
[EventCountry "SLO"]
[SourceTitle "EXT 2003"]
[Source "ChessBase"]
[SourceDate "2002.11.25"]
[SourceVersion "1"]
[SourceVersionDate "2002.11.25"]
[SourceQuality "1"]
[WhiteTeam "Thailand"]
[BlackTeam "Mauritius"]
[WhiteTeamCountry "THA"]
[BlackTeamCountry "MRI"]

1. e4 e6 2. d4 d5 3. exd5 exd5 4. Qf3 Nf6 5. h3 Be7 6. Bd3 Be6 7. Ne2 Qd7 8. 0-0 0-0 9. Nf4 Nc6 10. c3 Bd6 11. b4 a6 12. a4 Ne7 13. Nxe6 fxe6 14. Qe2 Rae8 15. Nd2 Nc6 16. b5 axb5 17. axb5 Nd8 18. Nf3 c5 19. bxc6 bxc6 20. Ne5 Qc7 21. Ba3 c5 22. f4 cxd4 23. cxd4 Bxa3 24. Rxa3 Qb6 25. Qf2 Qb4 26. Ra2 Nf7 27. Rb1 Qc3 28. Rc2 Qa3 29. Qe3 Kh8 30. Kh2 Nd6 31. Rc7 Nfe4 32. Qf3 Qa5 33. Rd7 Qd2 34. Bxe4 dxe4 35. Qg4 Nf5 36. Rbb7 Rb8 37. Nf7+ 1-0

[Event "Sea Chess-chT 1st"]
[Site "Kuala Lumpur"]
[Date "2001.09.05"]
[Round "1"]
[White "Lim, Chuin Hoong Ronnie"]
[Black "Theerapappisit, Wisuwat"]
[Result "1-0"]
[WhiteElo "2249"]
[BlackElo "2100"]
[PlyCount "67"]
[EventDate "2001.09.05"]
[EventType "team"]
[EventRounds "5"]
[EventCountry "MAS"]
[SourceTitle "CBM 084 Extra"]
[Source "ChessBase"]
[SourceDate "2001.10.26"]
[SourceVersion "1"]
[SourceVersionDate "2001.10.26"]
[SourceQuality "1"]

1. d4 Nf6 2. c4 g6 3. Nc3 Bg7 4. e4 d6 5. Nf3 0-0 6. Be2 Nc6 7. 0-0 e5 8. d5 Ne7 9. Ne1 Ne8 10. f3 f5 11. g4 Kh8 12. Ng2 Ng8 13. Be3 c5 14. Rb1 a5 15. a3 b6 16. b4 axb4 17. axb4 Bd7 18. Qc2 Nc7 19. b5 Ra7 20. Ra1 Qb8 21. gxf5 gxf5 22. exf5 Bxf5 23. Ne4 Ne8 24. Bd3 Bxe4 25. Bxe4 Nef6 26. Rxa7 Qxa7 27. Bf5 Ra8 28. f4 exf4 29. Bxf4 Bf8 30. Be6 Qa2 31. Qxa2 Rxa2 32. Ne3 Ne4 33. Be5+ Bg7 34. Rf8 1-0